000 01328nab a22002537a 4500
999 _c6524
_d6524
003 OSt
005 20260219123025.0
008 190429b xxu||||| |||| 00| 0 spa d
040 _cPJ
100 _97128
_aPierolivo, Micaela
245 1 3 _aLa importancia de juzgar con perspectiva de género /
_cMicaela Pierolivo.
260 _cCiudad Autónoma de Buenos Aires :
_aThomson Reuters La Ley,
_b2024.
300 _ap. 59-62
500 _aCita: TR LALEY AR/DOC/496/2024
505 _aSumario: I. Introducción.— I. Sobre el caso.— II. Volver sobre conceptos ya estudiados.— II. El fallo en cuestión.— IV. Conclusión.
505 _aFallo comentado: CCasacion Penal, Penal Juvenil, Contravencional y de Faltas, Ciudad Autónoma de Buenos Aires, sala IV ~ 13/11/2023 ~ Incidente de apelación en autos Q., B. D. s/ art. 184 inc. 5 - daños (agravado por generarlos en bienes públicos).
505 _tSi te interesa el texto completo, solicitalo a koha@justierradelfuego.gov.ar
650 0 _9343
_aDERECHO PENAL
650 0 _92348
_aPROCESO PENAL
650 0 _94044
_aPERSPECTIVA DE GÉNERO
650 0 _93053
_aVIOLENCIA DE GÉNERO
773 0 _02658
_93164
_tRevista de derecho penal y criminología. Nº 8 - Agosto 2024
_dCiudad Autónoma de Buenos Aires : Thomson Reuters La Ley, 2017-
_x00347914
942 _2udc
_cANA